10 państw Azji wysuniętych najbardziej na wschód - Statystyki

Ogólne statystyki
  • Ten quiz został rozwiązany 5 364 razy
  • Średni wynik to 9 z 10
Statystyki odpowiedzi
Długość geograficzna Kraj % Poprawnych
153°59'E Japonia
99%
134°46'E Chiny
96%
180°00'E Rosja
96%
130°40'E Korea Północna
94%
130°56'E Korea Południowa
94%
141°05'E Indonezja
91%
126°34'E Filipiny
84%
122°06'E Tajwan
80%
119°56'E Mongolia
68%
127°19'E Timor Wschodni
65%
Nie znaleziono quizów pasujących do podanych kryteriów
Rozkład punktacji
Procent ludzi z każdym wynikiem
Percentyl według liczby udzielonych odpowiedzi
Twoja historia wyników
Nie rozwiązałeś tego quizu